000
00305nam a22001337a 4500
008
170222b xxu||||| |||| 00| 0 eng d
020
_a
0721644686
041
_a
eng
080
_2
3RD
_a
616.31
100
_a
5
101
_a
SHF
245
_a
ORAL RADIOGRAPHIC INTERPRETATION
_c
LANGLAIS
942
_2
udc
_c
BK
999
_c
6088
_d
6088